Guess the Louis Tomlinson song with no hints #5 - Statistics

General Stats
  • This quiz has been taken 82 times
  • The average score is 284 of 335
Answer Stats
Answer % Correct
I
100%
to
100%
ya
100%
you
100%
You
100%
the
98%
your
98%
You're
98%
no
93%
that
93%
that,
93%
That
93%
and
90%
And
90%
can't
90%
me?
90%
me
90%
me,
90%
now
90%
be
88%
But
88%
I'm
88%
in
88%
In
88%
break
86%
down
86%
so
86%
feelin'
83%
habit
83%
It
83%
it
83%
of
83%
Of
83%
what
83%
been
81%
don't
81%
from
81%
know
81%
did
79%
it's
79%
miss
79%
need
79%
told
79%
always
76%
come
76%
Come
76%
have
76%
I'll
76%
put
76%
right
76%
shake
76%
knew
74%
let
74%
time
74%
up
74%
were
74%
as
71%
far
71%
give
71%
I'd
71%
out
71%
Park
71%
Princess
71%
said
71%
surprise
71%
anymore
69%
chance
69%
expect
69%
shiver
69%
was
69%
you'd
69%
another
67%
cause
67%
different
67%
front
67%
heart
67%
Never
67%
would
67%
ages,
64%
eventually
64%
mess
64%
space
64%
truth
64%
I've
62%
some
62%
stages
62%
thought
62%
high
60%
already
57%
choose
57%
door
57%
hard
57%
honestly,
57%
shouldn't
57%
with
57%
addictive
55%
advance
55%
control
55%
missing
55%
sorry
55%
energy
52%
heard
52%
playing
52%
someone
52%
better
50%
giving
50%
supposed
50%
ran
48%
took
48%
mentally,
45%
God,
43%
guess
40%
No matching quizzes found
Score Distribution
Percent of People with Each Score
Percentile by Number Answered
Your Score History
You have not taken this quiz